| 000 | 00721nam a2200217 a 4500 | ||
|---|---|---|---|
| 005 | 20140412111250.0 | ||
| 008 | 000821s19uu xx 00 eng d | ||
| 020 | _a0-8118-0260-4 | ||
| 050 |
_aER _bCo74 1994 |
||
| 100 | _aLondon, Jonathan | ||
| 245 |
_aCondor's Egg / _cwritten by Jonathan London ; illustrated by James Chaffee. |
||
| 260 |
_aSan Francisco : _bChronic Books, _c1994. |
||
| 300 | _a1 v. (unp.) ; ill. | ||
| 520 | _aThe last two California Condors living in the wild hatch an egg. | ||
| 650 | _aCalifornia condor-Juvenile fiction | ||
| 650 | _aCalifornia condor-Fiction | ||
| 650 | _aCondors - Fiction | ||
| 650 | _aRare birds-Fiction | ||
| 650 | _aEndangered species-Fiction | ||
| 999 |
_c103121 _d103121 |
||